Online
Catalog

Maithuna / (Record no. 8062)

MARC details
000 -CABECERA
campo de control de longitud fija 00971nam a2200229 a 4500
001 - NÚMERO DE CONTROL
campo de control 000008291
005 - FECHA Y HORA DE LA ÚLTIMA TRANSACCIÓN
campo de control 20200929161325.0
008 - DATOS DE LONGITUD FIJA--INFORMACIÓN GENERAL
campo de control de longitud fija 780927s1978 ve 000 f spa d
010 ## - NÚMERO DE CONTROL DE LA BIBLIOTECA DEL CONGRESO
Número de control de LC 78107424
040 ## - FUENTE DE LA CATALOGACIÓN
Centro catalogador/agencia de origen DO-SdBNP
Lengua de catalogación spa
Centro/agencia transcriptor BNPHU
082 ## - NÚMERO DE LA CLASIFICACIÓN DECIMAL DEWEY
Número de clasificación V863.44
Número de documento/Ítem D265m
100 1# - ENTRADA PRINCIPAL--NOMBRE DE PERSONA
Nombre de persona Daviu, Matilde.
9 (RLIN) 22436
245 10 - MENCIÓN DE TÍTULO
Título Maithuna /
Mención de responsabilidad, etc. Matilde Daviu.
260 ## - PUBLICACIÓN, DISTRIBUCIÓN, ETC.
Lugar de publicación, distribución, etc. Caracas :
Nombre del editor, distribuidor, etc. Monte Avila Editores,
Fecha de publicación, distribución, etc. [1978].
300 ## - DESCRIPCIÓN FÍSICA
Extensión 148 p. ;
Dimensiones 19 cm.
490 1# - MENCIÓN DE SERIE
Mención de serie Donaire
505 0# - NOTA DE CONTENIDO CON FORMATO
Nota de contenido con formato Domingo de teatro -- La transfiguración de Ofelia -- El extraño -- Maithuna -- Tu escudo y mi latigo -- Entre la vigilia y el sueño -- La caida de Persepolis -- El hombre que quemo el mundo -- La mujer que rasgo el mundo -- Casandra anonima -- Como cortar dalias blancas -- El girar de un girasol -- Fragmento sin título -- La muerte no tiene dueño.
650 #4 - PUNTO DE ACCESO ADICIONAL DE MATERIA--TÉRMINO DE MATERIA
Término de materia o nombre geográfico como elemento de entrada Novela venezolana
9 (RLIN) 3962
650 #4 - PUNTO DE ACCESO ADICIONAL DE MATERIA--TÉRMINO DE MATERIA
Término de materia o nombre geográfico como elemento de entrada Literatura venezolana
Subdivisión cronológica SIGLO XXI
9 (RLIN) 17361
830 #0 - PUNTO DE ACCESO ADICIONAL DE SERIE-TÍTULO UNIFORME
Título uniforme Donaire
9 (RLIN) 8050
910 ## - DATOS DE OPCIÓN DEL USUARIO (OCLC)
Datos de opción del usuario En proceso
Holdings
Estado de retiro Estado de pérdida Restricciones de uso No para préstamo Código de colección Localización permanente Ubicación/localización actual Ubicación en estantería Fecha de adquisición Número de inventario Total de préstamos Signatura topográfica completa Código de barras Fecha visto por última vez Precio válido a partir de Tipo de ítem Koha
        Monografías: Libros y Folletos General General En catalogación 15.09.2009 LF1   V863.44 D265m 8291-10 25.06.2020 25.06.2020 Préstamo en sala

Powered by Koha